Statistics for Kyoto - Phoebe Bridgers (Lyrics)

Click here to take the quiz!

General Stats

  • This quiz has been taken 21 times
  • The average score is 140 of 210

Answer Stats

Answer% Correct
Day
100%
a
94%
go
94%
Got
94%
got
94%
I
94%
in
94%
Kyoto
94%
off
94%
the
94%
The
94%
temple
88%
around
81%
at
81%
bored
81%
payphone
81%
payphones
81%
still
81%
They
81%
beat
75%
But
75%
but
75%
cost
75%
dollar
75%
don't
75%
for
75%
It
75%
it
75%
let
75%
letter
75%
Looked
75%
me
75%
minute
75%
so
75%
to
75%
To
75%
You
75%
you
75%
your
75%
you're
75%
And
69%
called
69%
from
69%
get
69%
getting
69%
have
69%
If
69%
kill
69%
my
69%
read
69%
skies
69%
sober
69%
tell
69%
Tokyo
69%
wanted
69%
Went
69%
brother
63%
didn't
63%
forgive
63%
I'm
63%
see
63%
world
63%
wrote
63%
arcade
56%
band
56%
changed
56%
felt
56%
flew
56%
flying
56%
gonna
56%
hold
56%
like
56%
little
56%
mind
56%
ocean
56%
on
56%
On
56%
over
56%
speed
56%
Then
56%
train
56%
birthday
50%
few
50%
freak
50%
his
50%
points
50%
show
50%
through
50%
Through
50%
took
50%
tryin'
50%
until
50%
been
44%
by
44%
chemtrails
44%
days
44%
Dreaming
44%
Goodwill
44%
liar
44%
park
44%
please
44%
Scorpio
44%
stare
44%
suburbs
44%
Sunset's
44%
ten
44%
under
44%
were
44%
With
44%
Born
38%
'Cause
38%
drive
38%
driving
38%
happened
38%
He
38%
I've
38%
Remember
38%
said
38%
us
38%
weekend
38%
When
38%
eyes
31%
five
31%
fixed
31%
lied
31%
out
31%
truck
31%
Twenty
31%
7-Eleven
25%
Guess
25%
lies
25%
Who
25%

Score Distribution

Percentile by Number Answered

Percent of People with Each Score

Your Score History

You have not taken this quiz